Normal view
MARC view
Entry Personal Name
001 - CONTROL NUMBER
- control field: 17648
003 - CONTROL NUMBER IDENTIFIER
- control field: OSt
005 - DATE AND TIME OF LATEST TRANSACTION
- control field: 20200911110430.0
008 - FIXED-LENGTH DATA ELEMENTS
- fixed length control field: 200911|| aca||aabn | a|a d
040 ## - CATALOGING SOURCE
- Original cataloging agency: OSt
- Transcribing agency: OSt
100 ## - HEADING--PERSONAL NAME
- Personal name: Coen, David and Vannoni, Matia
670 ## - SOURCE DATA FOUND
- Source citation: Work cat.: (OSt)513855: Coen, David and Vannoni, Matia, Where are the revolving doors in Brussels: sector switching and career progression in EU business–government affairs
